भगवान महावीर: (Record no. 27750)

MARC details
000 -LEADER
fixed length control field 01339 aa a2200277 4500
005 - DATE AND TIME OF LATEST TRANSACTION
control field 2009062202472.0
008 - FIXED-LENGTH DATA ELEMENTS--GENERAL INFORMATION
fixed length control field 080903t xxu||||| |||| 00| 0 hin d
010 ## - LCCN (DPL NO)
LC control number HIN-87048
020 ## - INTERNATIONAL STANDARD BOOK NUMBER
International Standard Book Number 8189379070
Terms of availability 200.00
035 ## - SYSTEM CONTROL NUMBER
System control number HN-59394
037 ## - SOURCE OF ACQUISITION
Source of stock number/acquisition DBAD / PUB
040 ## - CATALOGING SOURCE
Original cataloging agency dpl
Language of cataloging hn
082 ## - DEWEY DECIMAL CLASSIFICATION NUMBER
Classification number 240.31
100 ## - MAIN ENTRY--PERSONAL NAME
Personal name मित्तल, महेन्द्र
245 ## - TITLE STATEMENT
Title भगवान महावीर:
Remainder of title (जैन धर्म के 24वें तीर्थंकर) /
Statement of responsibility, etc महेन्द्र मित्तल
246 ## - VARYING FORM OF TITLE
Title proper/short title Bhagvan Mahavir ;Jain Dharam ke 24 ven teerthankara
Remainder of title by Mahender Mittal
260 ## - PUBLICATION, DISTRIBUTION, ETC. (IMPRINT)
Place of publication, distribution, etc दिल्ली
Name of publisher, distributor, etc लर्निग ट्री पब्लिशर्स
Date of publication, distribution, etc 2009
270 ## - ADDRESS
Address 1376,ग्राउण्ड फ्लोर,कश्मीरी गेट
City दिल्ली
Postal code 110006
300 ## - PHYSICAL DESCRIPTION
Extent 136पृ
Dimensions 22 सेमी (सजिल्द)
600 ## - SUBJECT ADDED ENTRY--PERSONAL NAME
Personal name महावीर
600 ## - SUBJECT ADDED ENTRY--PERSONAL NAME
Personal name Mahavir
650 ## - SUBJECT ADDED ENTRY--TOPICAL TERM
Topical term or geographic name as entry element जैन धर्म
650 ## - SUBJECT ADDED ENTRY--TOPICAL TERM
Topical term or geographic name as entry element Jainism
942 ## - ADDED ENTRY ELEMENTS (KOHA)
Institution code [OBSOLETE] dpl
Item type Hindi Books
Call number prefix 240.31 / मित्तल
Source of classification or shelving scheme Dewey Decimal Classification
Classification part 240.31
Call number suffix मित्तल
Holdings
Withdrawn status Lost status Source of classification or shelving scheme Damaged status Not for loan Collection code Home library Current library Date acquired Source of acquisition Cost, normal purchase price Total Checkouts Full call number Barcode Date last seen Copy number Cost, replacement price Koha item type
    Dewey Decimal Classification   Not For Loan Non-fiction D.B.Act.Division D.B.Act.Division 22/06/2009 DBAD / PUB 200.00   240.31 मित्तल HN-59394 22/06/2009 1 200.00 Hindi Books

© Delhi Public Library
Hit Counter
free hit counter